Socialist Quiz - Statistics

General Stats
  • This quiz has been taken 129 times
  • The average score is 10 of 14
Answer Stats
Picture Answer % Correct
Karl Marx
97%
Martin Luther King
96%
Fidel Castro
95%
Mao Zedong
95%
Vladimir Lenin
95%
Che Guevera
90%
Leon Trotsky
77%
Ho Chi Minh
76%
Fredrick Engels
73%
Rosa Luxemburg
72%
Hugo Chavez
66%
Salvador Allende
45%
Eugene Debs
35%
John McDonnell
16%
No matching quizzes found
Score Distribution
Percent of People with Each Score
Percentile by Number Answered
Your Score History
You have not taken this quiz